00850cam a2200205 i 450000500170000000800410001702000180005803500250007604000500010104100080015110000270015924501970018626000420038330000180042549000350044350400410047865000570051965000320057665000360060820181106200614.0151021s2014 ck fr 000 0 spa d a9789582011246 a(BO-CbLA)la1411V1839 aCO-BoUCMbspacSandra PalaciodSandra Palacio0 aspa1 aBácares Jara, Camilo14aLos pequeños ejércitos blas representaciones sobre la vida y la muerte de los niños, niñas y jóvenes desvinculados de los grupos armados ilegales colombianos cCamilo Bácares Jara aBogotá (Colombia)bMagisterioc2014 a307 páginas0 aColección Mesa redonda v104 aIncluye referencias bibliográficas 7aAdministración de justicia para menores zColombia 7aNiños y guerra zColombia 7aViolencia política zColombia